[Event "V Open Escacs Xàtiva"]
[Site "Xàtiva, Spain"]
[Date "2019.07.20"]
[Round "8.2"]
[White "Pallas I Garrido, Ernest Josep"]
[Black "Iagar, Razvan-Gabriel"]
[Result "0-1"]
[WhiteElo "1831"]
[BlackElo "2138"]
[PlyCount "90"]
[EventDate "2019.??.??"]

1. e4 {[%clk 01:30:49]  [%emt 00:00:10]} 1... e6 {
[%clk 01:30:56]  [%emt 00:00:05]} 2. d3 {[%clk 01:31:13]  [%emt 00:00:05]} 2...
c5 {[%clk 01:31:21]  [%emt 00:00:05]} 3. Nf3 {[%clk 01:31:16]  [%emt 00:00:27]}
3... Nc6 {[%clk 01:31:45]  [%emt 00:00:07]} 4. g3 {
[%clk 01:31:24]  [%emt 00:00:22]} 4... g6 {[%clk 01:32:08]  [%emt 00:00:07]} 5.
Bg2 {[%clk 01:31:39]  [%emt 00:00:14]} 5... Bg7 {
[%clk 01:32:32]  [%emt 00:00:06]} 6. Nbd2 {[%clk 01:30:22]  [%emt 00:01:47]}
6... d6 {[%clk 01:32:44]  [%emt 00:00:19]} 7. O-O {
[%clk 01:30:39]  [%emt 00:00:12]} 7... Nge7 {[%clk 01:33:10]  [%emt 00:00:03]}
8. Re1 {[%clk 01:29:29]  [%emt 00:01:41]} 8... O-O {
[%clk 01:33:02]  [%emt 00:00:38]} 9. Nf1 {[%clk 01:29:15]  [%emt 00:00:44]}
9... Rb8 {[%clk 01:32:00]  [%emt 00:01:32]} 10. Rb1 {
[%clk 01:27:19]  [%emt 00:02:26]} 10... b5 {[%clk 01:31:04]  [%emt 00:01:27]}
11. Be3 {[%clk 01:24:51]  [%emt 00:02:57]} 11... Qa5 {
[%clk 01:28:07]  [%emt 00:03:27]} 12. Qd2 {[%clk 01:22:56]  [%emt 00:02:26]}
12... Qxd2 {[%clk 01:28:16]  [%emt 00:00:20]} 13. N1xd2 {
[%clk 01:22:25]  [%emt 00:01:00]} 13... Nb4 {[%clk 01:27:44]  [%emt 00:01:03]}
14. e5 {[%clk 01:14:11]  [%emt 00:08:45]} 14... Nxc2 {
[%clk 01:27:13]  [%emt 00:01:01]} 15. exd6 {[%clk 01:09:17]  [%emt 00:05:23]}
15... Nd5 {[%clk 01:24:21]  [%emt 00:03:21]} 16. Bxc5 {
[%clk 01:08:56]  [%emt 00:00:52]} 16... Nxe1 {[%clk 01:24:27]  [%emt 00:00:24]}
17. Nxe1 {[%clk 00:58:48]  [%emt 00:10:39]} 17... Rd8 {
[%clk 01:23:17]  [%emt 00:01:39]} 18. a3 {[%clk 00:39:12]  [%emt 00:20:06]}
18... a6 {[%clk 01:21:24]  [%emt 00:02:23]} 19. Nc2 {
[%clk 00:36:02]  [%emt 00:03:40]} 19... Bb7 {[%clk 01:19:49]  [%emt 00:02:05]}
20. d4 {[%clk 00:28:00]  [%emt 00:09:31]} 20... Bf8 21. Ne4 {
[%clk 00:21:05]  [%emt 00:02:31]} 21... h6 22. b4 {[%emt 00:08:47]} 22... f5 {
[%emt 00:00:10]} 23. Nd2 {[%clk 00:21:15]  [%emt 00:00:13]} 23... Bxd6 {
[%clk 01:16:46]  [%emt 00:00:37]} 24. Re1 {[%clk 00:21:09]  [%emt 00:00:36]}
24... Kf7 {[%emt 00:01:42]} 25. Nf3 {[%clk 00:20:33]  [%emt 00:01:01]} 25...
Bxc5 {[%clk 01:09:18]  [%emt 00:06:51]} 26. Ne5+ {
[%clk 00:18:59]  [%emt 00:02:04]} 26... Kf6 {[%emt 00:00:13]} 27. dxc5 {
[%clk 00:19:09]  [%emt 00:00:19]} 27... Ba8 {[%clk 01:04:38]  [%emt 00:05:29]}
28. Nd4 {[%clk 00:18:52]  [%emt 00:00:47]} 28... Ne7 {
[%clk 01:00:23]  [%emt 00:04:44]} 29. Nxe6 {[%clk 00:12:18]  [%emt 00:07:04]}
29... Kxe6 {[%clk 01:00:47]  [%emt 00:00:06]} 30. Nc6+ {
[%clk 00:11:25]  [%emt 00:01:24]} 30... Kf6 {[%clk 01:00:28]  [%emt 00:00:47]}
31. Nxe7 {[%clk 00:08:27]  [%emt 00:03:29]} 31... Bxg2 {
[%clk 00:59:07]  [%emt 00:01:51]} 32. Kxg2 {[%clk 00:08:45]  [%emt 00:00:11]}
32... Rd7 {[%clk 00:58:05]  [%emt 00:01:33]} 33. Nc6 {
[%clk 00:08:49]  [%emt 00:00:26]} 33... Rc8 {[%clk 00:58:25]  [%emt 00:00:11]}
34. Ne5 {[%clk 00:08:48]  [%emt 00:00:31]} 34... Rd2 {
[%clk 00:56:42]  [%emt 00:02:12]} 35. c6 {[%clk 00:07:39]  [%emt 00:01:39]}
35... Rc7 {[%clk 00:51:03]  [%emt 00:06:08]} 36. Nd7+ {
[%clk 00:07:48]  [%emt 00:00:23]} 36... Kf7 {[%clk 00:50:55]  [%emt 00:00:37]}
37. Ne5+ {[%clk 00:07:49]  [%emt 00:00:29]} 37... Kg7 {
[%clk 00:48:53]  [%emt 00:02:32]} 38. Nd7 {[%clk 00:05:42]  [%emt 00:02:37]}
38... Rxc6 {[%clk 00:45:50]  [%emt 00:03:34]} 39. Re7+ {
[%clk 00:06:02]  [%emt 00:00:10]} 39... Kg8 {[%clk 00:45:55]  [%emt 00:00:24]}
40. Ne5 {[%clk 00:05:07]  [%emt 00:01:26]} 40... Rcc2 {
[%clk 00:44:35]  [%emt 00:01:51]} 41. Nxg6 {[%clk 00:02:59]  [%emt 00:02:37]}
41... Rxf2+ {[%clk 00:44:55]  [%emt 00:00:09]} 42. Kg1 {
[%clk 00:03:23]  [%emt 00:00:06]} 42... Rg2+ {[%clk 00:44:43]  [%emt 00:00:42]}
43. Kf1 {[%clk 00:03:43]  [%emt 00:00:10]} 43... Rxh2 {
[%clk 00:44:30]  [%emt 00:00:43]} 44. Kg1 {[%clk 00:03:39]  [%emt 00:00:34]}
44... Rhg2+ {[%clk 00:43:30]  [%emt 00:01:30]} 45. Kf1 {
[%clk 00:04:02]  [%emt 00:00:08]} 45... Rxg3 {[%clk 00:43:52]  [%emt 00:00:07]}
0-1

[Event "V Open Escacs Xàtiva"]
[Site "Xàtiva, Spain"]
[Date "2019.07.20"]
[Round "8.3"]
[White "Megias Chafer, Alejandro"]
[Black "Lluch Ventura, Enrique"]
[Result "1-0"]
[WhiteElo "2119"]
[BlackElo "1726"]
[PlyCount "91"]
[EventDate "2019.??.??"]

1. d4 {[%clk 01:30:56]  [%emt 00:00:03]} 1... Nf6 {
[%clk 01:30:53]  [%emt 00:00:07]} 2. c4 {[%clk 01:31:08]  [%emt 00:00:18]} 2...
e6 {[%clk 01:31:18]  [%emt 00:00:05]} 3. Nf3 {[%clk 01:31:16]  [%emt 00:00:22]}
3... b6 {[%clk 01:31:34]  [%emt 00:00:15]} 4. g3 {
[%clk 01:31:35]  [%emt 00:00:10]} 4... Bb7 {[%clk 01:31:43]  [%emt 00:00:21]}
5. Bg2 {[%clk 01:31:51]  [%emt 00:00:14]} 5... Be7 {
[%clk 01:30:24]  [%emt 00:01:49]} 6. O-O {[%clk 01:32:00]  [%emt 00:00:21]}
6... O-O {[%clk 01:30:10]  [%emt 00:00:43]} 7. Nc3 {
[%clk 01:32:28]  [%emt 00:00:03]} 7... d6 {[%clk 01:29:34]  [%emt 00:01:07]} 8.
Qc2 {[%clk 01:32:12]  [%emt 00:00:46]} 8... c5 {
[%clk 01:23:54]  [%emt 00:06:09]} 9. d5 {[%clk 01:30:09]  [%emt 00:02:33]} 9...
Na6 {[%clk 01:20:30]  [%emt 00:03:54]} 10. e4 {[%clk 01:29:47]  [%emt 00:00:52]
} 10... Nc7 {[%clk 01:16:39]  [%emt 00:04:21]} 11. Ne1 {
[%clk 01:21:46]  [%emt 00:08:31]} 11... b5 {[%clk 01:15:11]  [%emt 00:01:57]}
12. dxe6 {[%clk 01:20:13]  [%emt 00:02:03]} 12... Nxe6 {
[%clk 01:13:31]  [%emt 00:02:10]} 13. Nxb5 {[%clk 01:19:49]  [%emt 00:00:55]}
13... a6 {[%clk 01:11:16]  [%emt 00:02:45]} 14. Nc3 {
[%clk 01:20:08]  [%emt 00:00:10]} 14... Nd4 {[%clk 01:10:48]  [%emt 00:00:58]}
15. Qd3 {[%clk 01:20:23]  [%emt 00:00:15]} 15... Ng4 {
[%clk 01:09:10]  [%emt 00:02:07]} 16. f4 {[%clk 01:19:54]  [%emt 00:00:59]}
16... f5 {[%clk 01:06:21]  [%emt 00:03:19]} 17. exf5 {
[%clk 01:16:11]  [%emt 00:04:15]} 17... Bxg2 {[%clk 01:04:04]  [%emt 00:02:46]}
18. Nxg2 {[%clk 01:16:35]  [%emt 00:00:06]} 18... Nxf5 {
[%clk 01:01:29]  [%emt 00:03:06]} 19. Nd5 {[%clk 01:11:23]  [%emt 00:05:42]}
19... Bf6 {[%clk 00:56:07]  [%emt 00:05:50]} 20. Nxf6+ {
[%clk 01:08:12]  [%emt 00:03:43]} 20... Qxf6 {[%clk 00:56:21]  [%emt 00:00:15]}
21. Rb1 {[%clk 01:07:52]  [%emt 00:00:51]} 21... Rae8 {
[%clk 00:53:44]  [%emt 00:03:06]} 22. h3 {[%clk 01:05:43]  [%emt 00:02:39]}
22... Ngh6 {[%clk 00:49:22]  [%emt 00:04:52]} 23. Bd2 {
[%clk 01:05:08]  [%emt 00:01:05]} 23... Nd4 {[%clk 00:48:07]  [%emt 00:01:45]}
24. Rbe1 {[%clk 01:04:10]  [%emt 00:01:29]} 24... Re6 {
[%clk 00:43:23]  [%emt 00:05:13]} 25. Bc3 {[%clk 01:01:53]  [%emt 00:02:47]}
25... Rfe8 {[%clk 00:40:43]  [%emt 00:03:11]} 26. g4 {
[%clk 01:00:27]  [%emt 00:01:56]} 26... Rxe1 {[%clk 00:36:14]  [%emt 00:04:59]}
27. Rxe1 {[%clk 01:00:38]  [%emt 00:00:20]} 27... Rxe1+ {
[%clk 00:36:28]  [%emt 00:00:15]} 28. Bxe1 {[%clk 01:00:58]  [%emt 00:00:10]}
28... Qe6 {[%clk 00:34:52]  [%emt 00:02:06]} 29. Kf2 {
[%clk 01:00:18]  [%emt 00:01:09]} 29... Nf7 {[%clk 00:32:16]  [%emt 00:03:07]}
30. Bc3 {[%clk 00:58:52]  [%emt 00:01:56]} 30... h5 {
[%clk 00:31:40]  [%emt 00:01:07]} 31. gxh5 {[%clk 00:55:21]  [%emt 00:04:00]}
31... Qh6 {[%clk 00:28:08]  [%emt 00:04:02]} 32. Qg6 {
[%clk 00:54:54]  [%emt 00:00:57]} 32... Ne6 {[%clk 00:26:16]  [%emt 00:02:21]}
33. Kf3 {[%clk 00:53:37]  [%emt 00:01:48]} 33... Kf8 {
[%clk 00:24:26]  [%emt 00:02:20]} 34. Qxh6 {[%clk 00:52:30]  [%emt 00:01:37]}
34... Nxh6 {[%clk 00:24:10]  [%emt 00:00:46]} 35. Ke4 {
[%clk 00:51:39]  [%emt 00:01:20]} 35... Ke7 {[%clk 00:23:49]  [%emt 00:00:51]}
36. h4 {[%clk 00:51:40]  [%emt 00:00:30]} 36... Ng4 {
[%clk 00:23:35]  [%emt 00:00:44]} 37. f5 {[%clk 00:51:45]  [%emt 00:00:25]}
37... Nd4 {[%clk 00:23:13]  [%emt 00:00:52]} 38. Bxd4 {
[%clk 00:51:48]  [%emt 00:00:27]} 38... cxd4 {[%clk 00:23:38]  [%emt 00:00:05]}
39. Kxd4 {[%clk 00:52:03]  [%emt 00:00:15]} 39... Nh2 {
[%clk 00:23:23]  [%emt 00:00:45]} 40. b4 {[%clk 00:52:13]  [%emt 00:00:20]}
40... Nf3+ {[%clk 00:23:46]  [%emt 00:00:08]} 41. Kd5 {
[%clk 00:52:34]  [%emt 00:00:09]} 41... Ne5 {[%clk 00:23:56]  [%emt 00:00:19]}
42. c5 {[%clk 00:52:13]  [%emt 00:00:50]} 42... dxc5 {
[%clk 00:24:09]  [%emt 00:00:18]} 43. Kxe5 {[%clk 00:52:23]  [%emt 00:00:20]}
43... cxb4 {[%clk 00:24:37]  [%emt 00:00:02]} 44. Ne3 {
[%clk 00:52:12]  [%emt 00:00:40]} 44... a5 {[%clk 00:24:57]  [%emt 00:00:11]}
45. Nd5+ {[%clk 00:52:27]  [%emt 00:00:16]} 45... Kf7 {
[%clk 00:25:15]  [%emt 00:00:11]} 46. Kf4 {[%clk 00:52:42]  [%emt 00:00:15]}
1-0

[Event "V Open Escacs Xàtiva"]
[Site "Xàtiva, Spain"]
[Date "2019.07.20"]
[Round "8.4"]
[White "Hernandez Lopez, Alberto"]
[Black "Deruelle Sala, Albert"]
[Result "1-0"]
[WhiteElo "2038"]
[BlackElo "2076"]
[PlyCount "87"]
[EventDate "2019.??.??"]

1. d4 {[%clk 01:30:57]  [%emt 00:00:02]} 1... f5 {
[%clk 01:30:51]  [%emt 00:00:10]} 2. Nc3 {[%clk 01:30:33]  [%emt 00:00:54]}
2... Nf6 {[%clk 01:31:12]  [%emt 00:00:09]} 3. Bg5 {
[%clk 01:30:58]  [%emt 00:00:06]} 3... d5 {[%clk 01:31:36]  [%emt 00:00:06]} 4.
Bxf6 {[%emt 00:00:07]} 4... exf6 {[%clk 01:31:18]  [%emt 00:00:46]} 5. e3 {
[%clk 01:31:47]  [%emt 00:00:05]} 5... Be6 {[%clk 01:30:00]  [%emt 00:01:48]}
6. Bd3 {[%clk 01:32:15]  [%emt 00:00:03]} 6... Qd7 {
[%clk 01:28:21]  [%emt 00:02:10]} 7. h4 {[%clk 01:31:18]  [%emt 00:01:26]} 7...
h5 {[%clk 01:28:16]  [%emt 00:00:36]} 8. Nh3 {[%clk 01:31:33]  [%emt 00:00:15]}
8... Nc6 {[%clk 01:27:32]  [%emt 00:01:14]} 9. Nf4 {
[%clk 01:31:40]  [%emt 00:00:23]} 9... Bf7 {[%clk 01:27:56]  [%emt 00:00:06]}
10. a3 {[%clk 01:25:19]  [%emt 00:06:51]} 10... O-O-O {
[%clk 01:26:09]  [%emt 00:02:16]} 11. b4 {[%clk 01:20:31]  [%emt 00:05:18]}
11... Kb8 {[%clk 01:18:07]  [%emt 00:08:32]} 12. Bb5 {
[%clk 01:09:49]  [%emt 00:11:12]} 12... Qe8 {[%clk 01:17:40]  [%emt 00:00:57]}
13. Qf3 {[%clk 01:09:07]  [%emt 00:01:11]} 13... Nxd4 {
[%clk 01:15:25]  [%emt 00:02:46]} 14. Bxe8 {[%clk 01:07:42]  [%emt 00:01:55]}
14... Nxf3+ {[%clk 01:15:48]  [%emt 00:00:07]} 15. gxf3 {
[%clk 01:08:07]  [%emt 00:00:05]} 15... Rxe8 {[%clk 01:13:09]  [%emt 00:03:10]}
16. Nfxd5 {[%clk 01:07:17]  [%emt 00:01:20]} 16... c6 {
[%clk 01:13:13]  [%emt 00:00:26]} 17. Nf4 {[%clk 01:07:27]  [%emt 00:00:20]}
17... g5 {[%clk 01:13:37]  [%emt 00:00:05]} 18. Nfe2 {
[%clk 01:06:53]  [%emt 00:01:04]} 18... c5 {[%clk 01:10:05]  [%emt 00:04:03]}
19. b5 {[%clk 01:05:56]  [%emt 00:01:27]} 19... f4 {
[%clk 01:08:32]  [%emt 00:02:03]} 20. e4 {[%clk 01:03:07]  [%emt 00:03:19]}
20... Bc4 {[%clk 01:05:18]  [%emt 00:03:43]} 21. O-O-O {
[%clk 01:01:44]  [%emt 00:01:53]} 21... g4 {[%clk 01:05:27]  [%emt 00:00:22]}
22. Kb2 {[%clk 01:01:13]  [%emt 00:01:00]} 22... Bh6 {
[%clk 01:05:06]  [%emt 00:00:51]} 23. Rhe1 {[%clk 00:56:37]  [%emt 00:05:06]}
23... f5 {[%clk 01:02:38]  [%emt 00:02:58]} 24. exf5 {
[%clk 00:51:14]  [%emt 00:05:53]} 24... Rhf8 {[%clk 01:02:12]  [%emt 00:00:56]}
25. Ne4 {[%clk 00:50:23]  [%emt 00:01:21]} 25... Bxb5 {
[%clk 00:59:59]  [%emt 00:02:43]} 26. N2c3 {[%clk 00:46:02]  [%emt 00:04:52]}
26... Bc6 {[%clk 00:59:28]  [%emt 00:01:01]} 27. f6 {
[%clk 00:40:47]  [%emt 00:05:45]} 27... Re5 {[%clk 00:58:38]  [%emt 00:01:20]}
28. Rd6 {[%clk 00:38:49]  [%emt 00:02:27]} 28... g3 {
[%clk 00:52:50]  [%emt 00:06:18]} 29. Rg1 {[%clk 00:37:06]  [%emt 00:02:13]}
29... Kc7 {[%clk 00:49:44]  [%emt 00:03:36]} 30. Rdd1 {
[%clk 00:32:11]  [%emt 00:05:25]} 30... b5 {[%clk 00:44:49]  [%emt 00:05:24]}
31. fxg3 {[%clk 00:22:41]  [%emt 00:10:00]} 31... b4 {
[%clk 00:43:40]  [%emt 00:01:40]} 32. axb4 {[%clk 00:20:50]  [%emt 00:02:20]}
32... cxb4 {[%clk 00:44:03]  [%emt 00:00:07]} 33. Ne2 {
[%clk 00:21:18]  [%emt 00:00:03]} 33... Bxe4 {[%clk 00:43:39]  [%emt 00:00:54]}
34. gxf4 {[%clk 00:16:36]  [%emt 00:05:11]} 34... Bxf3 {
[%clk 00:41:02]  [%emt 00:03:07]} 35. fxe5 {[%clk 00:17:02]  [%emt 00:00:05]}
35... Bxe2 {[%clk 00:41:25]  [%emt 00:00:06]} 36. Rd4 {
[%clk 00:12:22]  [%emt 00:05:10]} 36... Be3 {[%clk 00:40:57]  [%emt 00:00:59]}
37. Rg7+ {[%clk 00:12:50]  [%emt 00:00:02]} 37... Kb6 {
[%clk 00:34:40]  [%emt 00:06:47]} 38. Re4 {[%clk 00:13:04]  [%emt 00:00:16]}
38... Bd2 {[%clk 00:34:54]  [%emt 00:00:16]} 39. Rxe2 {
[%clk 00:13:09]  [%emt 00:00:24]} 39... Bc3+ {[%clk 00:35:20]  [%emt 00:00:04]}
40. Kb3 {[%clk 00:12:18]  [%emt 00:01:21]} 40... a5 {
[%clk 00:35:19]  [%emt 00:00:32]} 41. Ka4 {[%clk 00:08:28]  [%emt 00:04:19]}
41... Bd4 {[%clk 00:28:55]  [%emt 00:06:54]} 42. f7 {
[%clk 00:08:25]  [%emt 00:00:33]} 42... Rc8 {[%clk 00:28:43]  [%emt 00:00:42]}
43. Rg6+ {[%clk 00:08:23]  [%emt 00:00:32]} 43... Kb7 {
[%clk 00:28:24]  [%emt 00:00:49]} 44. Rg8 {[%clk 00:08:30]  [%emt 00:00:22]}
1-0

[Event "V Open Escacs Xàtiva"]
[Site "Xàtiva, Spain"]
[Date "2019.07.20"]
[Round "8.5"]
[White "Camison Zornoza, Cesar"]
[Black "Perez Mas, Jose Manuel"]
[Result "0-1"]
[WhiteElo "1872"]
[BlackElo "1711"]
[PlyCount "108"]
[EventDate "2019.??.??"]

1. e4 {[%clk 01:30:56]  [%emt 00:00:03]} 1... c5 {
[%clk 01:30:46]  [%emt 00:00:14]} 2. d4 {[%clk 01:31:19]  [%emt 00:00:08]} 2...
cxd4 {[%clk 01:30:10]  [%emt 00:01:06]} 3. c3 {[%clk 01:31:42]  [%emt 00:00:07]
} 3... Nf6 {[%clk 01:29:38]  [%emt 00:01:01]} 4. e5 {
[%clk 01:32:00]  [%emt 00:00:12]} 4... Nd5 {[%clk 01:29:48]  [%emt 00:00:19]}
5. Qxd4 {[%clk 01:32:21]  [%emt 00:00:10]} 5... e6 {
[%clk 01:29:22]  [%emt 00:00:55]} 6. Nf3 {[%clk 01:31:22]  [%emt 00:01:29]}
6... Nc6 {[%clk 01:28:03]  [%emt 00:01:49]} 7. Qe4 {
[%clk 01:31:46]  [%emt 00:00:07]} 7... Qc7 {[%clk 01:15:55]  [%emt 00:12:38]}
8. Bd3 {[%clk 01:24:56]  [%emt 00:07:19]} 8... d6 {
[%clk 01:10:25]  [%emt 00:06:01]} 9. exd6 {[%clk 01:24:57]  [%emt 00:00:28]}
9... Qxd6 {[%clk 01:06:59]  [%emt 00:03:56]} 10. Bc2 {
[%clk 01:17:54]  [%emt 00:07:33]} 10... Nf6 {[%clk 01:03:46]  [%emt 00:03:43]}
11. Qe2 {[%clk 01:11:25]  [%emt 00:07:00]} 11... Be7 {
[%clk 01:00:10]  [%emt 00:04:06]} 12. O-O {[%clk 01:11:50]  [%emt 00:00:05]}
12... O-O {[%clk 00:59:24]  [%emt 00:01:16]} 13. Na3 {
[%clk 01:12:10]  [%emt 00:00:11]} 13... a6 {[%clk 00:49:22]  [%emt 00:10:31]}
14. Nc4 {[%clk 01:08:34]  [%emt 00:04:05]} 14... Qc7 {
[%clk 00:45:40]  [%emt 00:04:13]} 15. Rd1 {[%clk 01:01:51]  [%emt 00:07:12]}
15... b5 {[%clk 00:44:31]  [%emt 00:01:40]} 16. Nce5 {
[%clk 00:59:47]  [%emt 00:02:32]} 16... Nxe5 {[%clk 00:38:06]  [%emt 00:06:57]}
17. Nxe5 {[%clk 01:00:02]  [%emt 00:00:14]} 17... Bd6 {
[%clk 00:35:09]  [%emt 00:03:27]} 18. Rxd6 {[%clk 00:34:51]  [%emt 00:25:42]}
18... Qxd6 {[%clk 00:35:24]  [%emt 00:00:15]} 19. Bg5 {
[%clk 00:32:03]  [%emt 00:03:17]} 19... Nd5 {[%clk 00:29:30]  [%emt 00:06:24]}
20. Qh5 {[%clk 00:27:39]  [%emt 00:04:54]} 20... f5 {
[%clk 00:27:48]  [%emt 00:02:13]} 21. Ng4 {[%clk 00:25:46]  [%emt 00:02:22]}
21... Nf4 {[%clk 00:23:04]  [%emt 00:05:14]} 22. Nh6+ {
[%clk 00:23:36]  [%emt 00:02:40]} 22... gxh6 {[%clk 00:22:54]  [%emt 00:00:41]}
23. Qxh6 {[%clk 00:22:56]  [%emt 00:01:10]} 23... Ng6 {
[%clk 00:22:41]  [%emt 00:00:42]} 24. Rd1 {[%clk 00:19:12]  [%emt 00:04:14]}
24... Qe5 {[%clk 00:20:02]  [%emt 00:03:09]} 25. Be3 {
[%clk 00:16:33]  [%emt 00:03:09]} 25... Qg7 {[%clk 00:17:54]  [%emt 00:02:39]}
26. Qh5 {[%clk 00:15:54]  [%emt 00:01:08]} 26... Bb7 {
[%clk 00:13:34]  [%emt 00:04:51]} 27. g3 {[%clk 00:11:34]  [%emt 00:04:49]}
27... Rad8 {[%clk 00:11:51]  [%emt 00:02:13]} 28. Bh6 {
[%clk 00:10:20]  [%emt 00:01:44]} 28... Rxd1+ {[%clk 00:11:44]  [%emt 00:00:38]
} 29. Bxd1 {[%clk 00:10:49]  [%emt 00:00:01]} 29... Qe5 {
[%clk 00:11:40]  [%emt 00:00:34]} 30. Kf1 {[%clk 00:07:29]  [%emt 00:03:49]}
30... Rd8 {[%clk 00:09:02]  [%emt 00:03:08]} 31. Bf4 {
[%clk 00:04:48]  [%emt 00:03:11]} 31... Qd5 {[%clk 00:06:15]  [%emt 00:03:18]}
32. Bb3 {[%clk 00:02:52]  [%emt 00:02:26]} 32... Qg2+ {
[%clk 00:05:25]  [%emt 00:01:20]} 33. Ke1 {[%clk 00:01:47]  [%emt 00:01:35]}
33... Qg1+ {[%clk 00:05:39]  [%emt 00:00:16]} 34. Ke2 {
[%clk 00:02:15]  [%emt 00:00:02]} 34... Nxf4+ {[%clk 00:05:55]  [%emt 00:00:13]
} 35. gxf4 {[%clk 00:02:16]  [%emt 00:00:30]} 35... Qg4+ {
[%clk 00:06:07]  [%emt 00:00:17]} 36. Qxg4+ {[%clk 00:02:28]  [%emt 00:00:18]}
36... fxg4 {[%clk 00:06:36]} 37. Bxe6+ {[%clk 00:02:44]  [%emt 00:00:15]} 37...
Kg7 {[%clk 00:06:48]  [%emt 00:00:19]} 38. Bxg4 {
[%clk 00:03:08]  [%emt 00:00:06]} 38... Kf6 {[%clk 00:06:46]  [%emt 00:00:31]}
39. Ke3 {[%clk 00:03:18]  [%emt 00:00:20]} 39... Bc8 {
[%clk 00:06:26]  [%emt 00:00:51]} 40. Bf3 {[%clk 00:03:27]  [%emt 00:00:21]}
40... Bf5 {[%clk 00:06:26]  [%emt 00:00:29]} 41. Bb7 {
[%clk 00:03:33]  [%emt 00:00:25]} 41... a5 {[%clk 00:06:18]  [%emt 00:00:38]}
42. Ba6 {[%clk 00:03:38]  [%emt 00:00:26]} 42... b4 {
[%clk 00:05:24]  [%emt 00:01:23]} 43. c4 {[%clk 00:03:29]  [%emt 00:00:38]}
43... Rd3+ {[%clk 00:05:06]  [%emt 00:00:48]} 44. Ke2 {
[%clk 00:03:46]  [%emt 00:00:14]} 44... Rh3 {[%clk 00:05:16]  [%emt 00:00:19]}
45. c5 {[%clk 00:03:28]  [%emt 00:00:48]} 45... Ke7 {
[%clk 00:04:47]  [%emt 00:00:59]} 46. Bb5 {[%clk 00:03:23]  [%emt 00:00:35]}
46... Rxh2 {[%clk 00:04:55]  [%emt 00:00:23]} 47. Ke3 {
[%clk 00:03:28]  [%emt 00:00:25]} 47... Rh1 {[%clk 00:04:20]  [%emt 00:01:05]}
48. Kd4 {[%clk 00:03:23]  [%emt 00:00:34]} 48... Re1 {
[%clk 00:03:52]  [%emt 00:00:57]} 49. f3 {[%clk 00:02:23]  [%emt 00:01:31]}
49... h5 {[%clk 00:03:55]  [%emt 00:00:26]} 50. Kd5 {
[%clk 00:02:16]  [%emt 00:00:37]} 50... Be6+ {[%clk 00:04:02]  [%emt 00:00:23]}
51. Kd4 {[%clk 00:02:10]  [%emt 00:00:37]} 51... h4 {
[%clk 00:04:19]  [%emt 00:00:13]} 52. f5 {[%clk 00:02:08]  [%emt 00:00:32]}
52... Bxf5 {[%clk 00:04:35]  [%emt 00:00:14]} 53. Bc6 {
[%clk 00:02:13]  [%emt 00:00:25]} 53... h3 {[%clk 00:04:41]  [%emt 00:00:24]}
54. f4 {[%clk 00:02:35]  [%emt 00:00:07]} 54... h2 {
[%clk 00:04:49]  [%emt 00:00:22]} 0-1